000 00892cam a22002657a 4500
001 17825422
005 20150510134319.0
008 130725t20132013nyua b 001 0 eng d
010 _a2013946231
020 _a9781461485681 (hardback)
020 _a1461485681 (hardback)
020 _z9781461485698 (eBook)
040 _aBTCTA
_beng
_cBTCTA
_dYDXCP
_dIXA
_dOCLCF
_dDLC
_dEG-ScBUE
082 0 0 _a621.44
_222
_bWAT
100 1 _aWatson, Arnold.
_937897
245 1 0 _aGeothermal engineering :
_bfundamentals and applications /
_cArnold Watson.
260 _aNew York :
_bSpringer,
_cc.2013
_f(Acid-Free Paper)
300 _axviii, 336 p. :
_bcharts, forms, tables ;
_c25 cm.
500 _aIndex : p. 331-336.
504 _aIncludes bibliographical references.
650 7 _aGeothermal engineering.
_2BUEsh
_928729
653 _bENGGEN
_cMay2015
655 _vreading book
_934232
942 _2ddc
999 _c19329
_d19301